000 00527nam a2200181 i 4500
001 99600
003 ES-MaACL
005 20250731030158.0
007 t|
008 050913s1924 dr ||||1| spa d
100 1 _aMartínez Bosch, M.
_977897
245 1 0 _aAgricultura /
_cM. Martínez Bosch.
260 _aSantiago (República Dominicana) :
_bFranco,
_c1924.
300 _a73 p. :
_bil. ;
_c20 cm.
650 0 7 _aAgricultura
_2embne
_99670
852 _aES-MaACL
_j1674-F-9
_z.- Ded. ms. del autor
999 _c99600
_d99600